Top 100 Surnames (U.K.) Quiz Stats

 Plays Quiz Updated Nov 5, 2018

Challenge
Share
Tweet
Embed
Score 0/100 Timer 15:00
23 Plays Today
Rank Surname % Correct
1.Smith
95.4%
2.Jones
82.9%
10.Johnson
74.4%
4.Brown
71.1%
3.Williams
68.3%
16.White
63.5%
19.Green
58.1%
44.James
55.5%
25.Jackson
54.1%
9.Thomas
52.1%
50.Davis
49.1%
5.Taylor
48.4%
7.Wilson
47.6%
11.Roberts
47.4%
15.Thompson
47.1%
22.Harris
45.4%
69.Adams
45%
71.Richards
42.8%
6.Davies
41.3%
38.Harrison
40.9%
45.Anderson
39.7%
27.Clark
39.2%
52.Miller
38.7%
37.Baker
38.4%
18.Edwards
37.3%
100.Stevens
37.1%
8.Evans
37%
35.King
36.9%
23.Lewis
35.8%
31.Cooper
35.1%
61.Carter
34.3%
21.Wood
34.2%
29.Hill
34%
47.Lee
34%
Rank Surname % Correct
24.Martin
33.8%
73.Robertson
33.7%
14.Robinson
33.5%
36.Watson
33.5%
59.Richardson
33.5%
13.Wright
32.6%
46.Phillips
31.7%
65.Gray
31.6%
41.Young
31.2%
12.Walker
30.8%
49.Parker
30.7%
42.Allen
30.2%
26.Clarke
30.2%
32.Morris
30.1%
20.Hall
29.9%
34.Moore
29.6%
53.Cook
28.3%
88.Matthews
28.2%
30.Scott
27.9%
86.Owen
27.9%
40.Patel
27.8%
17.Hughes
27.5%
66.Stewart
27.2%
43.Mitchell
27.2%
62.Collins
27%
28.Turner
27%
91.Thomson
26.8%
48.Bell
26.3%
60.Simpson
25.5%
83.Hunt
25.5%
55.Campbell
24.7%
76.Graham
24.1%
58.Kelly
24.1%
85.Holmes
23.9%
Rank Surname % Correct
82.Rogers
23.9%
68.Murphy
23.8%
78.Mason
22.7%
39.Morgan
22.7%
93.Knight
22.5%
54.Price
21.1%
70.Murray
21%
51.Bennett
21%
96.Barker
21%
33.Ward
20.9%
90.Fisher
20.9%
72.Ellis
20.8%
98.Jenkins
20.6%
84.Mills
20.4%
99.Reid
20.1%
75.Foster
20%
74.Wilkinson
19.8%
64.Bailey
19.8%
56.Shaw
19.6%
67.Cox
19.5%
97.Butler
19.5%
94.Lloyd
19.2%
63.Marshall
18.5%
81.Webb
18.1%
92.Barnes
18%
77.Chapman
17.7%
79.Russell
17.5%
87.Palmer
16.4%
80.Powell
16.1%
57.Griffiths
15.8%
95.Harvey
15.8%
89.Gibson
15.6%

You're not logged in!

Compare scores with friends on all Sporcle quizzes.
OR
Log In

You Might Also Like...

Show Comments

Extras

Top Quizzes Today


Score Distribution

Your Account Isn't Verified!

In order to create a playlist on Sporcle, you need to verify the email address you used during registration. Go to your Sporcle Settings to finish the process.

Report this User

Report this user for behavior that violates our Community Guidelines.

Details: